Statistics for European Countries that Start with M

Click here to take the quiz!

General Stats

  • This quiz has been taken 145 times
    (143 since last reset)
  • The average score is 5 of 5

Answer Stats

Country% Correct
Monaco
95%
Macedonia
94%
Malta
92%
Montenegro
91%
Moldova
89%

Score Distribution

Percentile by Number Answered

Percent of People with Each Score

Your Score History

You have not taken this quiz since the last reset